00546nam a2200193 a 4500001001300000003000900013005001700022008004100039020002600080082001600106100002500122245007700147260003000224300000900254500003500263505001000298650001900308700002500327nice12345678IN_TiNIC20260116012256.0050524s1978 u sa grp 000 0 eng  a0817031 c326.6500a270.82bCUL aCulperpper, Robert H aEvaluating the Charismatic Movementb Theological and Biblical Appraisal aU S abJudson Pressc1978 a192p aincludes index and biblioraphy2 aIndex aPentecostalism1 aCulperpper, Robert H